| 000 | 00585nam a22001937a 4500 | ||
|---|---|---|---|
| 005 | 20170705144210.0 | ||
| 010 | _aENG-119113 | ||
| 020 |
_a9788125039938 _c95.00 |
||
| 035 | _aEN-102645 | ||
| 037 | _bDBAD/PUB | ||
| 082 | _aN | ||
| 100 | _aDickens, Charles | ||
| 245 |
_aOliver twist / _cby Charls Dickens;abridged by Pronoti Sinha;edited by Seetha Srinivasan |
||
| 260 |
_bOrient Blackswans _c2010 _aHyderabad |
||
| 270 |
_a3-6-752 Himyatranagar _bHyderabad _e500029 |
||
| 300 |
_axx,190p. _c22cm(pbk) |
||
| 700 | _aSinha,Proniti;Srinivasan,Seetha | ||
| 942 |
_2ddc _cEN _hN _mDIC |
||
| 999 |
_c142311 _d142311 |
||